000 00615nam a2200181 4500
003 LK-CoMWRAF
005 20240203114413.0
008 231210b2000 |||||||| |||| 00| 0 eng d
040 _aLK-CoMWRAF
_dLK-CoMWRAF
_eLK-CoMWRAF
041 _aeng
082 _a337
_bINT
110 _aInternational Council on Social Welfare
245 _aGlobalisation and social development :
_ba three-point plan for strengthening international cooperation:
260 _a [Utrecht]:
_b International Council on Social Welfare,
_c[2000]
300 _a 23 p. ; 28 cm
650 _aInternational cooperation
942 _cBK
999 _c4337
_d4337